000 00842nam a22002777a 4500
001 000729
003 DO-SdBNP
005 20180213090837.0
007 000729
008 161123b 2003 mx a ||||| |||| 00| 0 spa d
020 _a9706883541
040 _aBPMSU
_bspa
_cBPMSU
082 _axxxx
_bxxxx
100 1 _a Anza, Ana Luisa
245 1 0 _aPibe, chavo y chaval /
_cAna Luisa Anza ; ilustraciones, Juan Gedovius.
260 _aMéxico, D. F. :
_bSM,
_c2003.
300 _a89 p. :
_bil. ;
_c19 cm.
490 1 _aBarco de vapor. Serie naranja
_v17
500 _a"A partir de 9 años"
500 _aIncluye datos de la autora
700 1 2 _aGedovius, Juan,
_eil.
830 0 _aBarco de vapor. Serie naranja ;
_v17
942 _2ddc
_cBK
945 _aInventariado, 2018 / BT
956 _2LOPEREZ
_310
_620161123
_8BPMSU
_a00041
999 _c12044
_d12044